[Event "Tourn. n9868"]
[Site "www.echecsemail.com"]
[Date "2018.07.05"]
[Round "1"]
[White "J1j6"]
[Black "Mitja"]
[WhiteElo "2019"]
[BlackElo "2040"]
[Result "1/2-1/2"]
[Round "1"]
1.d4 d5
2.c4 dxc4
3.e4 e6
4.Qd1a4 c6
5.Qa4xc4 h6
6.Bc1e3 Ng8f6
7.Nb1c3 Nb8d7
8.f3 Nd7b6
9.Qc4d3 Bf8e7
10.e5 Nf6d5
11.Nc3xd5 Nb6xd5
12.Be3d2 Be7g5
13.Bf1e2 Bg5xd2
14.Qd3xd2 b6
15.Be2d3 Bc8b7
16.Ng1e2 Qd8e7
17.O-O a5
18.a3 O-O
19.Ne2g3 Rf8d8
20.Bd3c4 Bb7a6
21.Bc4xa6 Ra8xa6
22.Ng3e4 Ra6a7
23.Ra1c1 Ra7c7
24.Qd2f2 Nd5f4
25.Rc1d1 Nf4d5
26.f4 Rc7d7
27.g3 Nd5c7
28.Qf2c2 Rd7xd4
29.Rd1xd4 Rd8xd4
30.Qc2xc6 Nc7d5
31.Ne4c3 { draw }
1/2-1/2

[Event "Tourn. n9800"]
[Site "www.echecsemail.com"]
[Date "2018.07.05"]
[Round "1"]
[White "Szustan"]
[Black "Aniruddhadg"]
[WhiteElo "2630"]
[BlackElo "2570"]
[Result "1/2-1/2"]
[Round "1"]
1.e4 e6
2.d4 d5
3.Nb1c3 Ng8f6
4.e5 Nf6d7
5.f4 c5
6.Ng1f3 Nb8c6
7.Bc1e3 cxd4
8.Nf3xd4 Bf8c5
9.Qd1d2 O-O
10.O-O-O a6
11.h4 Nc6xd4
12.Be3xd4 b5
13.Rh1h3 b4
14.Nc3a4 Bc5xd4
15.Qd2xd4 a5
16.Bf1b5 Ra8b8
17.Bb5d3 Qd8c7
18.Kb1 Bc8b7
19.h5 Rf8c8
20.h6 g6
21.g4 Bb7a6
22.Rd1c1 Ba6xd3
23.Rh3xd3 Nd7b6
24.Na4xb6 Rb8xb6
25.f5 Rb6c6
26.Qd4f2 Qc7xe5
27.fxg6 fxg6
28.Rc1f1 Rc6c7
29.Rd3f3 Qe5d6
30.Rf3f7 e5
31.Rf7f6 Qd6c5
32.Qf2xc5 { draw }
1/2-1/2

[Event "Match"]
[Site "www.echecsemail.com"]
[Date "2018.07.05"]
[Round "1"]
[White "Alekpax"]
[Black "Jackbauer"]
[WhiteElo "1539"]
[BlackElo "1810"]
[Result "1-0"]
[Round "1"]
1.e4 c5
2.d4 cxd4
3.c3 dxc3
4.Nb1xc3 e6
5.Ng1f3 Bf8b4
6.Qd1d4 Nb8c6
7.Qd4xg7 Qd8f6
8.Bc1h6 Bb4xc3
9.bxc3 Qf6xh6
10.Qg7xh8 Kf8
11.e5 a6
12.Bf1d3 Qh6g7
13.Qh8xh7 Nc6xe5
14.Qh7xg7 Kxg7
15.Nf3xe5 Kf6
16.Ne5g4 Ke7
17.h4 b5
18.h5 f5
19.h6 Ng8f6
20.Ng4xf6 Kxf6
21.h7 Bc8b7
22.h8Q { resign }
1-0

[Event "Match"]
[Site "www.echecsemail.com"]
[Date "2018.07.05"]
[Round "1"]
[White "Krystek23"]
[Black "Tonino1"]
[WhiteElo "2540"]
[BlackElo "2220"]
[Result "1-0"]
[Round "1"]
1.c4 d6
2.Nb1c3 Ng8f6
3.d4 c6
4.e4 Qd8c7
5.Ng1f3 e5
6.Bc1e3 Bf8e7
7.Bf1d3 O-O
8.h3 Nb8d7
9.O-O exd4
10.Be3xd4 Nd7e5
11.Qd1e2 h6
12.Bd4e3 Bc8e6
13.Ra1d1 Ne5xd3
14.Qe2xd3 a6
15.Nf3d4 Ra8d8
16.f3 b5
17.b3 b4
18.Nc3e2 c5
19.Nd4xe6 fxe6
20.Ne2f4 Qc7c8
21.Nf4g6 Rf8f7
22.e5 Nf6e8
23.Rf1e1 Be7f8
24.Qd3e4 a5
25.Qe4g4 Kh7
26.Be3g5 Rd8d7
27.Qg4xe6 hxg5
28.h4 Qc8d8
29.hxg5 Ne8c7
30.Ng6xf8 Rf7xf8
31.g6 Kh8
32.Qe6h3  { time }
1-0

[Event "Tourn. n9841"]
[Site "www.echecsemail.com"]
[Date "2018.07.05"]
[Round "1"]
[White "Mitja"]
[Black "Ffdd65"]
[WhiteElo "2020"]
[BlackElo "2160"]
[Result "0-1"]
[Round "1"]
1.d4 d5
2.e3 e6
3.c3 Ng8f6
4.h3 Bf8d6
5.Ng1f3 h6
6.Bf1e2 O-O
7.b3 c5
8.dxc5 Bd6xc5
9.Bc1b2 Nb8c6
10.Nb1a3 a6
11.Na3c2 b5
12.Nf3d4 Bc8b7
13.Nd4xc6 Bb7xc6
14.Be2f3 e5
15.O-O e4
16.Bf3e2 Nf6h7
17.Bb2a3 Bc5xa3
18.Nc2xa3 Qd8f6
19.Qd1d4 Rf8e8
20.Na3c2 Re8e5
21.Nc2b4 Bc6b7
22.Ra1d1 Ra8d8
23.Kh2 Nh7g5
24.Qd4d2 a5
25.Nb4c2 Bb7c8
26.Nc2d4 Qf6g6
27.Nd4xb5 Rd8d6
28.Nb5xd6 Qg6xd6
29.Kh1 Bc8xh3
30.gxh3 Ng5xh3
31.f4 exf3
32.Rf1xf3 Re5h5
33.Kg2 Rh5g5
34.Kxh3 Rg5h5
35.Kg2 Qd6h2
36.Kf1 Qh2h1
37.Kf2 Rh5h2
38.Kg3 Qh1g2
39.Kf4 Qg2g5
{ resign }
0-1

[Event "Tourn. n9817"]
[Site "www.echecsemail.com"]
[Date "2018.07.05"]
[Round "1"]
[White "Falcoale"]
[Black "Tonino1"]
[WhiteElo "1980"]
[BlackElo "2020"]
[Result "0-1"]
[Round "1"]
1.e4 d6
2.d4 Ng8f6
3.Nb1c3 c6
4.Bf1d3 Qd8c7
5.Bc1f4 e5
6.dxe5 dxe5
7.Bf4g3 Bf8e7
8.Ng1f3 Nb8d7
9.O-O O-O
10.h3 Nf6h5
11.Bg3h2 Nh5f4
12.Nc3e2 Nf4xd3
13.cxd3 Be7f6
14.Ra1c1 Rf8e8
15.Ne2c3 Qc7b6
16.b3 Nd7c5
17.Nc3e2 Bc8d7
18.Qd1c2 Nc5a6
19.a3 Bd7e6
20.b4 Be6d7
21.Ne2c3 h6
22.Nc3a4 Qb6b5
23.Na4c5 Na6xc5
24.Qc2xc5 Qb5xc5
25.Rc1xc5 b6
26.Rc5c1 Ra8c8
27.Nf3d2 g6
28.f4 exf4
29.Bh2xf4 Bf6d4
30.Kh1 g5
31.Bf4g3 c5
32.Nd2b3 Bd4b2
33.Rc1b1 Bb2xa3
34.bxc5 Ba3xc5
35.Nb3xc5 Rc8xc5
36.Rf1f6 Re8e6
37.Rf6xe6 Bd7xe6
38.d4 Rc5c4
39.d5 Be6d7
40.d6 Rc4xe4
41.Rb1c1 Re4e3
42.Kh2 Bd7e6
43.Rc1c7 Kg7
44.Rc7xa7 Re3d3
45.Ra7b7 Be6d5
46.Rb7xb6 Bd5e6
47.Rb6b8 Kg6
48.Rb8g8 Kh5
49.Rg8b8 Rd3d2
50.Rb8b6 Be6d5
51.Kg1 Rd2xg2
52.Kf1 Rg2xg3
53.d7 Bd5c4
54.Ke1 Rg3d3
55.Rb6b7 Bc4e6
{ resign }
0-1

[Event "Tourn. n9876"]
[Site "www.echecsemail.com"]
[Date "2018.07.05"]
[Round "1"]
[White "J1j6"]
[Black "Jazzy"]
[WhiteElo "2239"]
[BlackElo "2260"]
[Result "0-1"]
[Round "1"]
1.d4 Ng8f6
2.c4 d6
3.Nb1c3 e6
4.g3 d5
5.cxd5 exd5
6.Bf1g2 c6
7.e4 Bf8e7
8.e5 Nf6d7
9.Nc3xd5 cxd5
10.Bg2xd5 Qd8a5
{ resign }
0-1

[Event "Tourn. n9857"]
[Site "www.echecsemail.com"]
[Date "2018.07.05"]
[Round "1"]
[White "Biggles"]
[Black "Falcoale"]
[WhiteElo "2110"]
[BlackElo "1880"]
[Result "1-0"]
[Round "1"]
1.e4 c5
2.Ng1f3 e6
3.d4 cxd4
4.Nf3xd4 Nb8c6
5.Nb1c3 a6
6.Bc1e3 Nc6xd4
7.Be3xd4 Ng8f6
8.e5 Nf6d5
9.Nc3xd5 exd5
10.Bf1d3 b6
11.O-O b5
12.Qd1h5 g6
13.Qh5f3 Bf8g7
14.e6 f6
15.Qf3xd5 Ra8b8
16.Rf1e1 dxe6
17.Qd5c6 Qd8d7
18.Re1xe6 Kf7
19.Re6xf6 Kg8
20.Bd3c4 { resign }
1-0

[Event "Match"]
[Site "www.echecsemail.com"]
[Date "2018.07.05"]
[Round "1"]
[White "J1j6"]
[Black "Joseph1983"]
[WhiteElo "2019"]
[BlackElo "2300"]
[Result "0-1"]
[Round "1"]
1.f4 g6
2.d4 Ng8f6
3.c4 d6
4.Nb1c3 Bf8g7
5.e4 O-O
6.h3 e5
7.dxe5 dxe5
8.Qd1xd8 Rf8xd8
9.fxe5 Nf6d7
10.Nc3d5 Bg7xe5
11.Ng1f3 Be5g3
12.Kd1 Nd7c5
13.h4 c6
14.Bc1g5 Nc5xe4
15.Bg5xd8 cxd5
16.Kc2 Ne4f2
17.Rh1g1 Bc8f5
18.Kb3 Nb8c6
19.Bd8f6 dxc4
20.Bf1xc4 Nc6a5
21.Kb4 Na5xc4
22.Kxc4 Ra8c8
23.Kd4 Nf2e4
24.Bf6e5 Bg3f2
25.Kd3 Ne4g3
26.Kd2 Rc8c2
27.Kd1 Bf2xg1
28.Nf3xg1 Rc2xg2
29.Be5d4 Ng3e4
30.Ra1c1 Rg2d2
{ resign }
0-1

[Event "Match"]
[Site "www.echecsemail.com"]
[Date "2018.07.05"]
[Round "1"]
[White "Gidgud"]
[Black "Krystek23"]
[WhiteElo "2109"]
[BlackElo "2500"]
[Result "1/2-1/2"]
[Round "1"]
1.e4 c5
2.Ng1f3 e6
3.d4 cxd4
4.Nf3xd4 Nb8c6
5.Nd4xc6 bxc6
6.Bf1d3 Ng8f6
7.O-O e5
8.b3 Bf8c5
9.h3 h6
10.Bc1a3 Bc5xa3
11.Nb1xa3 O-O
12.Qd1e2 d5
13.exd5 Nf6xd5
14.Qe2xe5 Rf8e8
15.Qe5d4 Qd8b6
16.Qd4xb6 axb6
17.Na3c4 Ra8b8
18.Rf1e1 Bc8e6
19.Nc4e5 Nd5b4
20.a3 Nb4xd3
21.Ne5xd3 Re8d8
22.Ra1d1 c5
23.Nd3e5 f6
24.Ne5c6 Rd8xd1
25.Re1xd1 Rb8e8
26.Rd1e1 Kf7
27.b4 Be6d7
28.Re1xe8 Kxe8
29.Nc6b8 cxb4
30.axb4 Bd7b5
31.c4 { draw }
1/2-1/2

[Event "Match"]
[Site "www.echecsemail.com"]
[Date "2018.07.05"]
[Round "1"]
[White "Mitja"]
[Black "Ssharp"]
[WhiteElo "2000"]
[BlackElo "2170"]
[Result "0-1"]
[Round "1"]
1.d4 Ng8f6
2.e3 d5
3.c3 e6
4.b3 c5
5.dxc5 Bf8xc5
6.Bc1b2 Nb8c6
7.Bf1e2 O-O
8.Ng1f3 e5
9.O-O Bc8g4
10.h3 Bg4h5
11.c4 e4
12.Nf3d4 Bh5xe2
13.Qd1xe2 Nc6xd4
14.Bb2xd4 Bc5xd4
15.exd4 dxc4
16.Qe2xc4 Ra8c8
17.Qc4b4 b6
18.Nb1d2 Rf8e8
19.Rf1e1 Nf6d5
20.Qb4a3 e3
21.fxe3 Re8xe3
22.Nd2f3 a5
23.Re1xe3 Nd5xe3
24.Ra1c1 h6
25.Qa3b2 Ne3d5
26.Rc1xc8 Qd8xc8
27.Qb2e2 Qc8c1
28.Kh2 Nd5e3
29.Qe2d2 Ne3f1
{ resign }
0-1

[Event "Tourn. n9849"]
[Site "www.echecsemail.com"]
[Date "2018.07.05"]
[Round "1"]
[White "Bojan"]
[Black "Andychesston"]
[WhiteElo "1980"]
[BlackElo "2000"]
[Result "0-1"]
[Round "1"]
1.e4 e5
2.Ng1f3 Nb8c6
3.Bf1b5 d6
4.Bb5xc6 bxc6
5.h3 Ng8f6
6.d3 Bf8e7
7.Bc1e3 O-O
8.Nb1d2 Kh8
9.Nf3h2 Nf6g8
10.b3 f5
11.exf5 Bc8xf5
12.Nd2f3 e4
13.Nf3d4 Qd8d7
14.Nd4xf5 Qd7xf5
15.O-O d5
16.Be3d4 c5
17.Bd4b2 d4
18.dxe4 Qf5xe4
19.Rf1e1 Qe4f5
20.Nh2f3 Be7d6
21.c3 d3
22.Re1e3 c4
23.bxc4 Bd6c5
24.Re3xd3 Ra8b8
25.Bb2c1 Bc5xf2
26.Kxf2 Qf5c5
27.Rd3d4 Ng8e7
28.Kf1 Ne7f5
29.Rd4g4 h5
30.Rg4e4 Nf5g3
31.Ke1 Ng3xe4
32.Qd1c2 Rb8e8
33.Nf3d4 Qc5xc4
34.Bc1e3 Qc4f1
{ resign }
0-1

[Event "Match"]
[Site "www.echecsemail.com"]
[Date "2018.07.05"]
[Round "1"]
[White "Gilliere"]
[Black "Juheset"]
[WhiteElo "1970"]
[BlackElo "1809"]
[Result "1-0"]
[Round "1"]
1.e4 Nb8c6
2.Ng1f3 b6
3.d4 Bc8b7
4.Nb1c3 e6
5.d5 Nc6e7
6.dxe6 dxe6
7.Qd1xd8 Ra8xd8
8.Bf1d3 Ng8f6
9.Bc1g5 Nf6h5
10.Bg5xe7 Bf8xe7
11.O-O Be7d6
12.Nc3e2 O-O
13.Nf3d4 Bd6e5
14.c3 c5
15.Nd4f3 Be5xh2
16.Kxh2 Rd8xd3
17.Nf3e5 Rd3d2
18.Ne2g3 Nh5xg3
19.Kxg3 Bb7xe4
20.b3 f6
21.Ne5c4 Rd2c2
22.Nc4d6 Rc2xc3
23.f3 Be4d3
24.Rf1e1 e5
25.Nd6e4 Bd3xe4
26.Re1xe4 Rf8d8
27.Re4e2 h5
28.Kf2 g5
29.Ra1b1 h4
30.Rb1h1 Kg7
31.Re2b2 f5
32.Rb2e2 Kf6
33.Re2b2 e4
34.fxe4 fxe4
35.Rh1f1 Ke5
36.Rf1e1 Rc3d3
37.Re1e2 Rd8f8
38.Ke1 Kf4
39.Re2f2 Kg3
40.Rf2xf8 e3
41.Rf8f3 Kg4
42.Ke2 { resign }
1-0

[Event "Tourn. n9800"]
[Site "www.echecsemail.com"]
[Date "2018.07.05"]
[Round "1"]
[White "Szustan"]
[Black "Stepanpech"]
[WhiteElo "2630"]
[BlackElo "2450"]
[Result "1/2-1/2"]
[Round "1"]
1.e4 e5
2.Ng1f3 Nb8c6
3.Nb1c3 Ng8f6
4.d4 exd4
5.Nc3d5 Bf8e7
6.Bf1c4 O-O
7.O-O d6
8.Nf3xd4 Nc6xd4
9.Qd1xd4 Nf6xd5
10.Bc4xd5 Be7f6
11.Qd4d3 a5
12.a4 c6
13.Bd5b3 Rf8e8
14.c3 Bc8e6
15.Bb3c2 g6
16.f4 Qd8b6
17.Kh1 Bf6g7
18.f5 Be6b3
19.Bc1g5 d5
20.fxg6 hxg6
21.Bc2xb3 Qb6xb3
22.exd5 Re8e5
23.Bg5f6 Qb3xd5
24.Qd3xd5 Re5xd5
25.Bf6xg7 Kxg7
26.Ra1e1 Kf8
27.Kg1 { draw }
1/2-1/2

[Event "Fast Game"]
[Site "www.echecsemail.com"]
[Date "2018.07.05"]
[Round "1"]
[White "Dougbeer"]
[Black "Apdash"]
[WhiteElo "2009"]
[BlackElo "1930"]
[Result "1-0"]
[Round "1"]
1.e4 c5
2.c3 d6
3.d4 g6
4.dxc5 dxc5
5.Qd1xd8 Kxd8
6.Nb1a3 e6
7.Bc1f4 a6
8.Ra1d1 Nb8d7
9.Na3c4 b5
10.Nc4b6 Ra8a7
11.a4 Ng8f6
12.Ng1f3 Nf6h5
13.Bf4e3 Ra7b7
14.Nb6xd7 Rb7xd7
15.axb5 Rd7xd1
16.Kxd1 axb5
17.Nf3e5 Ke7
18.Be3xc5 Kf6
19.Bc5d4 Kg7
20.Ne5xf7 Kxf7
21.Bd4xh8 Bf8d6
22.Bf1xb5 e5
23.Bb5c4 Bc8e6
24.Bc4xe6 Kxe6
25.g3 Bd6c5
26.Ke2 Bc5d6
27.Rh1d1 Bd6e7
28.b4 Nh5f6
29.Bh8xf6 Be7xf6
30.c4 Bf6e7
31.c5 h5
32.Rd1d5 g5
33.b5 g4
34.b6 { resign }
1-0

[Event "Tourn. n9790"]
[Site "www.chess-mail.com"]
[Date "2018.07.06"]
[Round "1"]
[White "Fegatux"]
[Black "Greghghs"]
[WhiteElo "2360"]
[BlackElo "2510"]
[Result "0-1"]
[Round "1"]
1.e4 e5
2.Ng1f3 Nb8c6
3.Bf1b5 f5
4.d3 fxe4
5.dxe4 Ng8f6
6.O-O Bf8c5
7.Qd1e2 d6
8.Qe2c4 Qd8e7
9.b4 Bc8e6
10.Bb5xc6 bxc6
11.Qc4a6 Bc5b6
12.a4 Nf6xe4
13.a5 Bb6xf2
14.Rf1xf2 Ne4xf2
15.Qa6xc6 Kf7
16.Kxf2 Rh8f8
17.Bc1e3 Kg8
18.Kg1 a6
19.Nb1d2 Qe7d7
20.Qc6xd7 Be6xd7
21.c4 Ra8b8
22.Ra1b1 h6
23.Nd2e4 g5
24.h3 Bd7xh3
25.b5 axb5
26.cxb5 Bh3f5
27.Nf3d2 d5
28.Rb1b4 Bf5xe4
29.Be3a7 Rb8b7
30.b6 Be4d3
31.Rb4b3 e4
32.Rb3c3 cxb6
33.Ba7xb6 Bd3a6
34.Nd2b3 Rb7f7
35.Rc3c6 Rf7f6
36.Rc6c7 Rf8f7
37.Rc7c3 Kh7
38.Nb3d4 Ba6c4
39.Rc3a3 Rf7f8
40.Bb6c5 Rf8a8
41.Nd4c2 Kg6
42.Bc5b6 h5
43.Ra3a1 Bc4d3
{ resign }
0-1

[Event "Match"]
[Site "www.echecsemail.com"]
[Date "2018.07.06"]
[Round "1"]
[White "Ztornad"]
[Black "Pinehill"]
[WhiteElo "1660"]
[BlackElo "2060"]
[Result "0-1"]
[Round "1"]
1.Nb1c3 Ng8f6
2.e4 e5
3.a3 Bf8c5
4.Qd1e2 O-O
5.b4 Bc5b6
6.h3 d5
7.d3 c6
8.Bc1b2 Rf8e8
9.Nc3a4 Bc8e6
10.g4 dxe4
11.Na4xb6 exd3
12.Qe2xd3 Qd8xb6
13.Ng1e2 Nb8d7
14.Bf1g2 Ra8d8
15.Qd3e3 c5
16.Bb2c3 Nf6d5
17.Qe3f3 e4
18.Qf3g3 Nd5xc3
19.Qg3xc3 cxb4
20.axb4 f5
21.g5 Rd8c8
22.Qc3b2 Be6c4
23.Ne2d4 Nd7e5
24.Ra1a3 Bc4d3
25.c3 Ne5f3
26.Kd1 Nf3xd4
27.Bg2f1 Bd3xf1
28.Rh1xf1 Nd4f3
29.Qb2b3 Kh8
30.Ra3a2 Re8d8
31.Kc1 Qb6d4
32.Qb3d1 Rc8xc3
33.Ra2c2 Rc3xc2
34.Qd1xc2 Qd4xb4
35.Qc2b2 Rd8c8
36.Kd1 Qb4xb2
37.g6 Qb2d2

0-1

[Event "Tourn. n9833"]
[Site "www.echecsemail.com"]
[Date "2018.07.06"]
[Round "1"]
[White "Jjmcbride"]
[Black "Trusivka"]
[WhiteElo "1660"]
[BlackElo "1590"]
[Result "1-0"]
[Round "1"]
1.e4 e5
2.Ng1f3 Ng8f6
3.Nf3xe5 d6
4.Ne5xf7 Kxf7
5.Bf1c4 d5
6.exd5 Bf8d6
7.d3 Bc8e6
8.dxe6  { time }
1-0

[Event "Match"]
[Site "www.echecsemail.com"]
[Date "2018.07.06"]
[Round "1"]
[White "Jackbauer"]
[Black "Trusivka"]
[WhiteElo "1830"]
[BlackElo "1590"]
[Result "1-0"]
[Round "1"]
1.e4 e5
2.f4 exf4
3.Ng1f3 d6
4.h3 Ng8f6
5.Nb1c3 Nf6h5
6.Nc3e2 Nb8c6
7.d4 Nh5f6
8.Bc1xf4  { time }
1-0

[Event "Match"]
[Site "www.echecsemail.com"]
[Date "2018.07.06"]
[Round "1"]
[White "Hundegana"]
[Black "Alessiov"]
[WhiteElo "2100"]
[BlackElo "1569"]
[Result "0-1"]
[Round "1"]
1.e4 e5
2.Ng1f3 d6
3.h3 c5
4.Bf1c4 Bf8e7
5.d3 Nb8c6
6.c3 Ng8f6
7.Nf3g5 O-O
8.Qd1b3 d5
9.exd5 Nc6a5
10.Qb3a4 a6
11.Qa4d1 b5
12.Bc4b3 Na5xb3
13.axb3 Nf6xd5
14.Ng5e4 f5
15.Ne4g3 Bc8b7
16.O-O Nd5f4
17.Bc1xf4 exf4
18.Ng3h1 f3
19.g3 Rf8f6
20.Rf1e1 Rf6h6
21.Kh2 Rh6xh3
22.Kxh3 Qd8e8
23.g4 fxg4
24.Kxg4 Qe8g6
25.Kh3 Qg6g2

0-1

[Event "Match"]
[Site "www.echecsemail.com"]
[Date "2018.07.06"]
[Round "1"]
[White "Goofy"]
[Black "Lcbunghai"]
[WhiteElo "2330"]
[BlackElo "2130"]
[Result "1-0"]
[Round "1"]
1.e4 e5
2.Ng1f3 Nb8c6
3.Bf1c4 d6
4.c3 Ng8f6
5.d3 Bf8e7
6.Bc4b3 O-O
7.h3 d5
8.Qd1e2 dxe4
9.dxe4 h6
10.Nb1d2 a6
11.Nd2f1 Bc8d7
12.Nf1g3 Qd8c8
13.Nf3h4 Bd7e6
14.Bb3c2 Nf6d7
15.Nh4f5 Be7f6
16.Ng3h5 Be6xf5
17.exf5 Qc8d8
18.Qe2g4 Kh7
19.Bc1e3 Qd8e7
20.O-O-O Ra8d8
21.Qg4xg7 { resign }
1-0

[Event "Tourn. n9865"]
[Site "www.echecsemail.com"]
[Date "2018.07.06"]
[Round "1"]
[White "Bojan"]
[Black "Urbe69"]
[WhiteElo "2100"]
[BlackElo "2270"]
[Result "0-1"]
[Round "1"]
1.e4 e6
2.d4 d5
3.e5 c5
4.c3 Nb8c6
5.Bc1e3 f6
6.exf6 Ng8xf6
7.dxc5 e5
8.a3 Nf6g4
9.b4 Ng4xe3
10.fxe3 Qd8h4
11.g3 Qh4h6
12.Qd1f3 e4
13.Qf3f4 g5
14.Qf4f2 Bc8g4
15.h3 Bf8g7
16.Ra1a2 Rh8f8
17.Qf2c2 Bg4d7
18.Qc2d2 O-O-O
19.g4 Qh6h4
{ resign }
0-1

[Event "Tourn. n9847"]
[Site "www.echecsemail.com"]
[Date "2018.07.06"]
[Round "1"]
[White "Mitja"]
[Black "Gegonz"]
[WhiteElo "2030"]
[BlackElo "2140"]
[Result "0-1"]
[Round "1"]
1.d4 g6
2.e3 Bf8g7
3.c3 Ng8f6
4.h3 O-O
5.Ng1f3 d5
6.b3 c5
7.dxc5 Nf6e4
8.Nf3d4 e5
9.Nd4f3 Ne4xc5
10.Bc1b2 Nb8c6
11.Bf1e2 e4
12.Nf3d4 Nc6e5
13.O-O Qd8g5
14.Kh1 Nc5e6
15.Bb2a3 Rf8d8
16.Nd4xe6 Bc8xe6
17.Ba3b2 Ra8c8
18.Nb1a3 Qg5h4
19.Kh2 Ne5f3
20.Be2xf3 Bg7e5
21.Kg1 Be6xh3
22.g3 Be5xg3
23.fxg3 Qh4xg3
24.Kh1 Bh3xf1
25.Qd1xf1 exf3
26.Qf1g1 Qg3h4
27.Qg1h2 Qh4e4
28.Qh2f2 d4
29.cxd4 Rd8d5
30.Ra1c1 Rd5h5
31.Kg1 Qe4g4
{ resign }
0-1

[Event "Match"]
[Site "www.echecsemail.com"]
[Date "2018.07.06"]
[Round "1"]
[White "Gidgud"]
[Black "Gimmyg"]
[WhiteElo "2129"]
[BlackElo "2510"]
[Result "0-1"]
[Round "1"]
1.e4 e6
2.d4 b6
3.Ng1f3 Bc8b7
4.Bf1d3 d6
5.O-O Nb8d7
6.Nb1c3 g6
7.Bc1g5 Ng8e7
8.d5 Bf8g7
9.dxe6 fxe6
10.Bd3c4 h6
11.Bc4xe6 hxg5
12.Nf3xg5 Nd7c5
13.Be6f7 Kf8
14.Bf7e6 Bg7f6
15.f4 Kg7
16.Be6c4 d5
17.exd5 Ne7f5
18.Nc3e4 Bf6xg5
19.Ne4xg5 Qd8f6
20.b4 Nf5e3
21.Qd1e2 Ne3xf1
22.Qe2xf1 Qf6d4
23.Kh1 b5
24.Ra1d1 Qd4xc4
25.Qf1xc4 bxc4
26.bxc5 Bb7c8
27.Rd1e1 Kf8
28.h3 Bc8f5
29.Kg1 Ra8e8
30.Re1e5 Re8xe5
31.fxe5 c3
32.Kf2 Rh8h5
33.Ng5f3 Bf5xc2
34.Nf3d4 Bc2e4
35.Nd4e6 Kf7
36.Ke3 c2
37.Kd2 Rh5f5
{ resign }
0-1

[Event "Match"]
[Site "www.echecsemail.com"]
[Date "2018.07.06"]
[Round "1"]
[White "Tonino1"]
[Black "Sachpat"]
[WhiteElo "2210"]
[BlackElo "2820"]
[Result "0-1"]
[Round "1"]
1.d4 Ng8f6
2.g4 Nf6xg4
3.e4 d5
4.Bf1e2 Ng4f6
5.e5 Nf6d7
6.c3 c5
7.Ng1f3 Nb8c6
8.a3 e6
9.Bc1e3 c4
10.Nb1d2 f6
11.exf6 Nd7xf6
12.Qd1c2 Bf8d6
13.O-O-O b5
14.h3 a5
15.Rh1g1 Qd8c7
16.Be3g5 b4
17.a4 bxc3
18.Qc2xc3 O-O
19.h4 Ra8b8
20.Rg1g2 Nc6b4
21.Kb1 e5
22.dxe5 Bc8f5
 { time }
0-1

[Event "Match"]
[Site "www.echecsemail.com"]
[Date "2018.07.06"]
[Round "1"]
[White "Tonino1"]
[Black "Ericleo1980"]
[WhiteElo "2210"]
[BlackElo "2160"]
[Result "1-0"]
[Round "1"]
1.f4 d5
2.d4 c5
3.e3 cxd4
4.exd4 Ng8f6
5.Bf1d3 Nb8c6
6.c3 Bc8g4
7.Ng1f3 Qd8b6
8.O-O e6
9.h3 Bg4h5
10.Nb1d2 Bf8d6
11.g3 O-O
12.Qd1e1 Ra8c8
13.Kg2 Rf8e8
14.Nf3e5 Nc6a5
15.g4 Bh5g6
16.Ne5xg6 hxg6
17.Nd2f3 Na5c4
18.Qe1e2  { time }
1-0

[Event "Tourn. n9871"]
[Site "www.echecsemail.com"]
[Date "2018.07.06"]
[Round "1"]
[White "Bojan"]
[Black "J1j6"]
[WhiteElo "2060"]
[BlackElo "2019"]
[Result "0-1"]
[Round "1"]
1.e4 c5
2.Ng1f3 Nb8c6
3.Bf1b5 e6
4.c3 Ng8e7
5.Qd1a4 a6
6.Bb5c4 Ra8b8
7.Qa4c2 b5
8.Bc4e2 g6
9.d3 d6
10.Bc1g5 Bf8g7
11.Nb1d2 Bc8b7
12.Ra1b1 f6
13.Bg5h4 O-O
14.a3 e5
15.Bh4g3 d5
16.exd5 Ne7xd5
17.c4 bxc4
18.Nd2xc4 Nd5e7
19.b4 cxb4
20.axb4 Nc6d4
21.Nf3xd4 Qd8xd4
22.f3 Ne7d5
23.Bg3f2 Qd4f4
24.b5 axb5
25.Nc4d6 Nd5e3
26.Qc2c7 Ne3xg2
27.Kf1 Bb7xf3
28.Bf2a7 Ng2e3
29.Ke1 Bf3xh1
30.Ba7xb8 Qf4xh2
31.Rb1xb5 Ne3g2
32.Kd1 Ng2e3
33.Ke1 Qh2g1
34.Kd2 Bg7h6
35.Qc7a7 Ne3c4
36.Kc2 Qg1c1
37.Kb3 Nc4d2
38.Kb4 Qc1b2
39.Ka4 Bh1c6
40.Qa7b6 Qb2b3
{ resign }
0-1

[Event "Match"]
[Site "www.echecsemail.com"]
[Date "2018.07.06"]
[Round "1"]
[White "Lug47"]
[Black "Alekpax"]
[WhiteElo "1550"]
[BlackElo "1499"]
[Result "0-1"]
[Round "1"]
1.d4 d5
2.Nb1c3 Ng8f6
3.Ng1f3 e6
4.e4 dxe4
5.Nc3xe4 Nf6xe4
6.Bf1d3 Ne4f6
7.O-O c5
8.c3 cxd4
9.Nf3xd4 Bf8c5
10.h3 Bc5xd4
11.Qd1a4 Nb8c6
12.Bc1g5 Bd4e5
13.Ra1e1 Be5xc3
14.Re1e3 Qd8a5
15.Qa4c4 Bc3xb2
16.Rf1e1 Qa5xg5
17.f4 Qg5a5
18.Re3xe6 Bc8xe6
19.Qc4c2 Qa5xe1
20.Kh2 Bb2d4
21.Qc2c4 Nf6g4
22.hxg4 Qe1h4

0-1

[Event "Match"]
[Site "www.echecsemail.com"]
[Date "2018.07.06"]
[Round "1"]
[White "Llord"]
[Black "Trusivka"]
[WhiteElo "1950"]
[BlackElo "1590"]
[Result "1-0"]
[Round "1"]
1.e4 e5
2.Ng1f3 Nb8c6
3.Bf1c4 Ng8f6
4.Nb1c3 Bf8c5
5.O-O d6
6.Nc3d5 Nf6xe4
7.Nd5e3 f6
8.d3 f5
9.Ne3d5  { time }
1-0

[Event "Match"]
[Site "www.echecsemail.com"]
[Date "2018.07.06"]
[Round "1"]
[White "Joskomol"]
[Black "Pwain"]
[WhiteElo "1809"]
[BlackElo "2560"]
[Result "1/2-1/2"]
[Round "1"]
1.e4 e6
2.d4 d5
3.exd5 exd5
4.Ng1f3 Bf8d6
5.Bf1d3 Ng8e7
6.O-O O-O
7.Nb1c3 c6
8.a3 { draw }
1/2-1/2

[Event "Tourn. n9855"]
[Site "www.echecsemail.com"]
[Date "2018.07.06"]
[Round "1"]
[White "Fantomas"]
[Black "Hundegana"]
[WhiteElo "2090"]
[BlackElo "2110"]
[Result "1/2-1/2"]
[Round "1"]
1.e4 c5
2.Ng1f3 Nb8c6
3.Bf1c4 e6
4.d4 cxd4
5.Nf3xd4 Nc6xd4
6.Qd1xd4 f6
7.O-O Ng8e7
8.Rf1d1 Ne7c6
9.Qd4d2 Bf8c5
10.a3 a5
11.Nb1c3 Nc6e5
12.Bc4xe6 d6
13.Be6a2 Rh8f8
14.Nc3b5 Qd8b6
15.Nb5xd6 Bc5xd6
16.Qd2xd6 Qb6xd6
17.Rd1xd6 Ke7
18.Rd6d1 Bc8g4
19.f3 Bg4e6
20.Ba2xe6 Kxe6
21.Bc1e3 Rf8d8
22.b3 Rd8d7
23.Rd1xd7 Ne5xd7
24.Ra1d1 Ra8c8
25.Rd1d2 b5
26.Be3d4 a4
27.Kf2 axb3
28.cxb3 g6
29.Ke3 h6
30.h4 Rc8a8
31.Bd4b2 Nd7c5
32.b4 Nc5a4
33.Bb2c1 g5
34.hxg5 hxg5
35.Rd2c2 Kd6
36.Kd4 Na4b6
37.Rc2c5 Ra8d8
38.Kc3 Nb6a4
39.Kd4 Na4xc5
40.bxc5 Kc6
41.Ke3 Kxc5
42.Bc1b2 Rd8d6
43.Bb2c3 Kc4
44.Bc3b4 Rd6d3
45.Ke2 Rd3b3
46.Bb4e7 Rb3b2
47.Kf1 Rb2a2
48.Kg1 g4
49.fxg4 Ra2e2
50.Be7xf6 Re2xe4
51.Bf6g7 Re4xg4
52.Bg7f8 Kd3
53.Bf8d6 Ke2
54.Bd6b4 Kd3
55.Bb4d6 Kc3
56.Kf2 Kb3
57.Kf3 Rg4d4
58.Bd6e7 Rd4a4
59.g4 Ra4xa3
60.Be7xa3 Kxa3
61.g5 { draw }
1/2-1/2

[Event "Tourn. n9820"]
[Site "www.echecsemail.com"]
[Date "2018.07.06"]
[Round "1"]
[White "Rons"]
[Black "Reignblowcan"]
[WhiteElo "2640"]
[BlackElo "2260"]
[Result "1/2-1/2"]
[Round "1"]
1.e4 e5
2.Ng1f3 Nb8c6
3.Bf1b5 Ng8f6
4.d3 Bf8c5
5.c3 O-O
6.Bb5xc6 bxc6
7.Nf3xe5 d5
8.d4 Rf8e8
9.O-O Nf6xe4
10.Ne5xf7 Kxf7
11.dxc5 Bc8a6
12.Rf1e1 Ne4xc5
13.Re1xe8 Qd8xe8
14.Bc1e3 Nc5d3
15.Qd1a4 Ba6c8
16.Nb1d2 Kg8
17.Qa4a5 Nd3xb2
18.Qa5xc7 Qe8d7
19.Qc7xd7 Bc8xd7
20.Ra1b1 Nb2a4
21.Rb1b7 Bd7c8
22.Rb7e7 Kf8
23.Re7c7 Na4xc3
24.Nd2f3 Bc8f5
25.Be3d4 Nc3e2
26.Kf1 Ne2xd4
27.Nf3xd4 Bf5b1
28.a4 Ra8e8
29.f3 Re8e7
30.Rc7c8 Kf7
31.Kf2 Re7b7
32.Nd4xc6 Rb7b2
33.Kg3 Ke6
34.Nc6xa7 Bb1d3
35.Rc8c1 Rb2a2
36.Na7b5 Ra2xa4
37.Nb5c7 Ke5
38.Rc1e1 Kd4
39.Re1e7 Bd3c4
40.Re7xg7 Kc3
41.Nc7xd5 Bc4xd5
42.Rg7xh7 Kd3
43.h4 Kd4
44.Rh7e7 Ra4a8
45.h5 Ra8g8
46.Kf2 Rg8a8
47.Re7e1 Ra8a2
48.Kg3 Bd5c4
49.Kh3 Bc4e2
50.Re1b1 Ke5
51.Kh4 Be2d3
52.Rb1b3 Bd3f1
53.g3 Kf5
54.g4 Kf4
55.Rb3b4 Kxf3
56.h6 Ra2h2
57.Kg5 Bf1d3
58.Rb4d4 Bd3c2
{ draw }
1/2-1/2

[Event "1/64 Finale"]
[Site "www.chess-mail.com"]
[Date "2018.07.06"]
[Round "1"]
[White "Destructor"]
[Black "Mitja"]
[WhiteElo "2510"]
[BlackElo "1990"]
[Result "1-0"]
[Round "1"]
1.e4 d5
2.exd5 Qd8xd5
3.Nb1c3 Qd5d8
4.d4 e6
5.Ng1f3 h6
6.Bf1d3 c6
7.O-O Ng8f6
8.Nf3e5 Nb8d7
9.Qd1f3 Nd7b6
10.Bd3g6 fxg6
11.Qf3d3 Qd8c7
12.Qd3xg6 Kd8
13.Bc1f4 Qc7e7
14.Ne5f7 Kd7
15.Nf7xh8 Nb6d5
16.Nc3xd5 Nf6xd5
17.Bf4e5 b6
18.c4 Nd5f6
19.Ra1c1 Bc8b7
20.Nh8f7 Qe7e8
21.d5 exd5
22.Be5xf6 gxf6
23.Rf1e1 Bf8e7
24.cxd5 cxd5
25.Qg6f5 { resign }
1-0

[Event "Fast Game"]
[Site "www.echecsemail.com"]
[Date "2018.07.06"]
[Round "1"]
[White "Cristiano"]
[Black "J1j6"]
[WhiteElo "1549"]
[BlackElo "1349"]
[Result "1-0"]
[Round "1"]
1.e4 c5
2.Ng1f3 Nb8c6
3.d4 cxd4
4.Nf3xd4 Nc6xd4
5.Qd1xd4 e6
6.Nb1c3 d6
7.Bc1e3 b6
8.O-O-O Bc8b7
9.Bf1b5 Ke7
10.f3 f6
11.Be3f2 Kf7
12.Bf2g3 Bf8e7
13.Bg3xd6 Be7xd6
14.Qd4xd6 Qd8xd6
15.Rd1xd6 Ra8b8
16.Rh1d1 Ng8e7
17.Bb5c4 Bb7c8
18.Nc3b5 Bc8a6
19.Bc4xe6 Kg6
20.Nb5c3 { resign }
1-0